=LDR 00000nam 2200000 4500 =001 INLIS000000000030852 =005 20200921105550 =035 ##$$a 0010-061300000030852 =008 200921###########################0#ind## =041 ##$$a ind =082 ##$$a 2X4 =090 ##$$a 2X4, Ali h =100 ##$$a Ali, Mohammad Daud =245 1#$$a Hukum Islam, pengantar ilmu hukum dan tata hukum islam di Indonesia, oleh Prof.H.Mohammad Daud Ali s.h =260 ##$$a 2007 :$b Jakarta =300 ##$$a XX,370 hlm, 18 cm =650 #4$$a Hukum Islam =850 ##$$a NBPNMAT